Internal combustion engines and air pollution (Record no. 4453)

000 -LEADER
fixed length control field 00551nam a22001937a 4500
001 - CONTROL NUMBER
control field 4453
003 - CONTROL NUMBER IDENTIFIER
control field BD-DhUET
008 - FIXED-LENGTH DATA ELEMENTS--GENERAL INFORMATION
fixed length control field 141116b xxu||||| |||| 00| 0 eng d
020 ## - INTERNATIONAL STANDARD BOOK NUMBER
International Standard Book Number 0352045600
040 ## - CATALOGING SOURCE
Transcribing agency 0
Modifying agency BD-DhUET
082 ## - DEWEY DECIMAL CLASSIFICATION NUMBER
Classification number 621.43
Item number OBE/1973
100 ## - MAIN ENTRY--PERSONAL NAME
Personal name Obert, Edward F.
245 ## - TITLE STATEMENT
Title Internal combustion engines and air pollution
Remainder of title based on internal combustion engines
250 ## - EDITION STATEMENT
Edition statement 3rd ed.
260 ## - PUBLICATION, DISTRIBUTION, ETC. (IMPRINT)
Place of publication, distribution, etc. New York
Name of publisher, distributor, etc. Intext Educational Publishers
Date of publication, distribution, etc. 1973
300 ## - PHYSICAL DESCRIPTION
Extent xiii, 740 p.
Other physical details ill.
650 #0 - SUBJECT ADDED ENTRY--TOPICAL TERM
Topical term or geographic name as entry element Internal combustion engines
942 ## - ADDED ENTRY ELEMENTS (KOHA)
Koha item type General Book
Holdings
Not for loan Shelving location Koha issues (times borrowed) Koha full call number Withdrawn status Koha item type Location (home branch) Sublocation or collection (holding branch) Date acquired Piece designation (barcode) Copy number Koha normalized classification for sorting Koha date last seen Lost status Source of classification or shelving scheme Damaged status Price effective from Koha date last borrowed
 Circulation section1621.43/OBE/1973 General BookCentral Library, BUETCentral Library, BUET2014-11-1642113 621_000000000000000_43OBE19732015-10-12   2014-11-162014-11-16
 Circulation section3621.43/OBE/1973 General BookCentral Library, BUETCentral Library, BUET2015-04-13421112621_430000000000000_OBE_19732018-02-17   2015-04-132018-02-03
 Reading section 621.43/OBE/1973 Reading ItemCentral Library, BUETCentral Library, BUET2015-06-16421053621_430000000000000_OBE_19732015-06-16   2015-06-16 
 Reading section 621.43/OBE/1973 Reading ItemCentral Library, BUETCentral Library, BUET2015-06-30489594621_430000000000000_OBE_19732015-06-30   2015-06-30 
 Reading section 621.43/OBE/1973 Reading ItemCentral Library, BUETCentral Library, BUET2015-07-02421085621_430000000000000_OBE_19732015-07-02   2015-07-02 
 Reading section 621.43/OBE/1973 Reading ItemCentral Library, BUETCentral Library, BUET2015-07-04489396621_430000000000000_OBE_19732015-07-04   2015-07-04